000 00583 a2200205 4500
001 63181
005 20260407155927.0
008 260407a1967 arg spa d
003 AR-UNSa-BCEJYS
040 _aAR-UNSa-BCEJYS
_bspa
_cAR-UNSa-BCEJYS
080 _a510.6
_xLógica matemática
245 1 0 _aIntroducción a la filosofía de la matemática
264 1 _aMéxico :
_bSiglo Veintiuno editores
_c1967
300 _av, 250 p.
_c18 cm.
041 _aspa
942 _cBK
590 _aniveau_biblio:m niveau_hierar:0
100 1 _aKörner, Stephan
700 1 _aGerhard, Carlos
999 _c8022
_d8022